000 00709nam a22002297a 4500
008 151023b xxu||||| |||| 00| 0 eng d
020 _a9780808025726
041 0 _aeng
080 _a336.28
245 _a2012 principles of business taxation /
_ccoordinating editor, Linda M. Johnson ; authors, Alan D. Campbell ... [et al.].
246 1 4 _aPrinciples of business taxation
246 1 8 _aPrinciples of business taxation 2012
260 _aChicago :
_bCCH,
_c2012.
300 _axvi, 738 f. :
_bme il.;
_c29 cm.
650 0 _aBiznesi
650 0 _aNdërmarrjet
650 0 _aTaksa
650 0 _aTë ardhurat nga taksa
700 1 _aJohnson, Linda M.
700 1 _aCampbell, Alan D.
942 _2udc
_cBK
999 _c1341
_d1341